Normal view
MARC view
Entry Nombre personal
001 - NÚMERO DE CONTROL
- campo de control: 77104
003 - IDENTIFICADOR DEL NÚMERO DE CONTROL
- campo de control: BNPHU
005 - FECHA Y HORA DE LA ÚLTIMA TRANSACCIÓN
- campo de control: 20240313133356.0
008 - DATOS DE LONGITUD FIJA
- campo de control de longitud fija: 201103|| aca||aabn | a|a d
010 ## - NÚMERO DE CONTROL DE LA BIBLIOTECA DEL CONGRESO
- Número de control de LC: n 84231421
040 ## - FUENTE DE LA CATALOGACIÓN
- Centro catalogador/agencia de origen: DO-SdBNP
- Lengua de catalogación: spa
- Centro/agencia transcriptor: BNPHU
- Normas de descripción: rda
100 1# - ENCABEZAMIENTO-NOMBRE DE PERSONA
- Nombre de persona: Pèrez Mèndez, Artagnan,
- Fechas asociadas al nombre: 1929-2017
370 ## - LUGAR ASOCIADO
- Lugar de nacimiento: Moca (Espaillat, República Dominicana)
374 ## - OCUPACIÓN
- Ocupación: Abogado
- Ocupación: Profesor
375 ## - GÉNERO/SEXO
- Género/Sexo: Masculino
377 ## - LENGUA/LENGUAJE ASOCIADO
- Código del idioma: spa
- Término de lengua/lenguaje: Español
400 1# - TRAZADO DE VÉASE--NOMBRE DE PERSONA
- Nombre de persona: Méndez, Artagnan Pérez
- Fechas asociadas al nombre: 1929-2017
670 ## - FUENTE DE DATOS ENCONTRADOS
- Cita de la fuente: Work cat.: (OSt): Pèrez Mèndez, Artagnan 1929-2017, Codigo penal dominicano anotado / 2000
